[Event "Vlado Andriusaicio Rapid A 2012"]
[Site "Vilnius LTU"]
[Date "2012.05.27"]
[Round "7"]
[White "Stankevicius,Vytautas"]
[Black "Juknis,P"]
[Result "1/2-1/2"]
[WhiteElo "1782"]
[BlackElo "2156"]

1.d4 d6 2.e4 Nf6 3.Nc3 e5 4.dxe5 dxe5 5.Qxd8+ Kxd8 6.Bg5 Be6 7.O-O-O+ Nd7
8.Nd5 Kc8 9.Nc3 h6 10.Bxf6 Nxf6 11.f3 c6 12.g3 Kc7 13.Bh3 Bxh3 14.Nxh3 Bb4
15.Rd3 Rhd8 16.Rhd1 Rxd3 17.Rxd3 b5 18.Ne2 a5 19.Nf2 h5 20.Rd1 Be7 21.Nd3 Nd7
22.Rf1 g6 23.h4 Bd6 24.Kd2 Nb6 25.b3 a4 26.g4 Rh8 27.g5 Re8 28.Ke3 axb3 29.axb3 Ra8
30.Kd2 Nd7 31.Nc3 Nf8 32.Rb1 Ne6 33.Ne2 Nc5 34.Nxc5 Bxc5 35.Nc1 Bf2 36.Nd3 Bxh4
37.Rg1 Kd6 38.b4 Rf8 39.Ke2 Rg8 40.Nc5 Ke7 41.Nd3 f6 42.gxf6+ Bxf6 43.Ra1 Rd8
44.Kf2 Rd7 45.Kg3 Kf7 46.Ra6 Rc7 47.Ra8 Kg7 48.Re8 Kf7 49.Ra8 Ke6 50.Nc5+ Kf7
51.Nd3 Bg7 52.Ra6 Kf6 53.Ra8 Kf7 54.Ra6 Kf6 55.Ra8 Kf7  1/2-1/2

[Event "31st OCF NAO FIDE Open"]
[Site "Stillwater USA"]
[Date "2012.05.28"]
[Round "7.5"]
[White "Patton,T"]
[Black "Giminez,Randy"]
[Result "1-0"]
[WhiteElo "2067"]
[BlackElo "1827"]

1.d4 d6 2.e4 Nf6 3.Nc3 Nbd7 4.Be3 e5 5.g3 c6 6.Bg2 Be7 7.h3 b5 8.d5 Bb7 9.a4 b4
10.dxc6 Bxc6 11.Nd5 O-O 12.Ne2 a5 13.O-O Nxd5 14.exd5 Bb7 15.c4 Rc8 16.b3 f5
17.Rb1 Nc5 18.f4 Ba8 19.Kh2 Qc7 20.Qc2 Rce8 21.fxe5 dxe5 22.Rxf5 Rxf5 23.Qxf5 Rf8
24.Qc2 Bd6 25.Be4 g6 26.Ng1 Bb7 27.Nf3 Bc8 28.Nd2 Qd7 29.g4 Qe7 30.Rg1 Rf7
31.Rg2 g5 32.Rf2 Rf4 33.Bxf4 exf4 34.Bf3 Bd7 35.Re2 Qf7 36.Ne4 Nxe4 37.Qxe4 h5
38.Kg1 hxg4 39.Bxg4 Bc5+ 40.Kf1 f3 41.Qxf3 Qxf3+ 42.Bxf3 Bxh3+ 43.Bg2 Bf5
44.Rd2 Bd6 45.Ke2 Kf7 46.c5 Bxc5 47.d6 Ke6 48.d7  1-0

[Event "50th ch-IND Challengers 2012"]
[Site "Tirupati IND"]
[Date "2012.05.28"]
[Round "13.11"]
[White "Girinath,P"]
[Black "Ramnathan,B"]
[Result "1-0"]
[WhiteElo "2343"]
[BlackElo "2248"]

1.e4 d6 2.d4 Nf6 3.Nc3 Nbd7 4.Nf3 e5 5.Bc4 Be7 6.O-O O-O 7.a4 c6 8.Ba2 Qc7
9.Qe2 exd4 10.Nxd4 Ne5 11.Kh1 Re8 12.f4 Ng6 13.f5 Ne5 14.Bf4 Bf8 15.Rad1 Bd7
16.Nf3 Nxf3 17.Qxf3 Rad8 18.g4 h6 19.g5 hxg5 20.Bxg5 Be7 21.Rg1 d5 22.Bf4 Bd6
23.Rxg7+ Kxg7 24.Qg3+ Kh8 25.Bxd6 Qb6 26.Be5 Rxe5 27.Qxe5 Rg8 28.Qxf6+ Rg7
29.Qd4 c5 30.Nxd5 Qh6 31.Qf2 Qh3 32.Re1 Bxa4 33.Nf4 Qh6 34.Bd5 Bxc2 35.Qxc2 Qxf4
36.Qe2 b5 37.Rf1 Qe5 38.Qxb5 Qd4 39.Qe2 a5 40.Qf2 Qd3 41.Qf3 Qd2 42.f6 Rg6
43.Bxf7 Rg5 44.Qh3+  1-0

[Event "21st Chicago Open"]
[Site "Wheeling USA"]
[Date "2012.05.28"]
[Round "9"]
[White "Cao,K"]
[Black "Gulamali,K"]
[Result "1/2-1/2"]
[WhiteElo "2151"]
[BlackElo "2346"]

1.e4 d6 2.d4 Nf6 3.Nc3 Nbd7 4.Nf3 e5 5.Bc4 Be7 6.O-O O-O 7.Re1 c6 8.a4 a5
9.Bg5 Qc7 10.Qe2 Re8 11.Bh4 Nb6 12.Bb3 Bg4 13.Qe3 Nbd7 14.Ne2 Bf8 15.h3 exd4
16.Nexd4 Bh5 17.Nd2 Bg6 18.Qg5 Nc5 19.f3 Nfd7 20.Nf1 Be7 21.Qf4 Bf6 22.Bxf6 Nxf6
23.Ng3 Qb6 24.Kh1 Ncxe4 25.Ngf5 Nh5 26.Qh4 Neg3+ 27.Nxg3 Nxg3+ 28.Qxg3 Qxd4
29.Rad1 Rxe1+ 30.Rxe1 d5 31.Qc7 Qd2 32.Re7 Rf8 33.Qd7 h5 34.Qxb7 Bxc2 35.Bxc2 Qxc2
36.Rc7 Qc1+ 37.Kh2 Qf4+ 38.Kh1 Re8 39.Rc8 Qc1+ 40.Kh2 Qf4+ 41.Kh1 Qc1+ 42.Kh2 Rxc8
43.Qxc8+ Kh7 44.Qf5+ Kh6 45.g4 Qxb2+ 46.Kh1 g6 47.Qxf7 Qc1+ 48.Kg2 Qb2+ 49.Kh1 Kg5
50.gxh5 gxh5 51.f4+ Kh4 52.Qe7+ Kxh3 53.Qe3+ Kg4 54.Qg1+ Kxf4 55.Qf2+  1/2-1/2

[Event "1st Euro 2012 Open"]
[Site "Lviv UKR"]
[Date "2012.05.29"]
[Round "2"]
[White "Kalinina,M"]
[Black "Kalinina,O"]
[Result "0-1"]
[WhiteElo "2050"]
[BlackElo "2297"]

1.e4 d6 2.d4 Nf6 3.Nc3 c6 4.Nf3 Bg4 5.Bc4 e6 6.Be3 Be7 7.a4 O-O 8.d5 cxd5
9.exd5 e5 10.Be2 Ne8 11.Nd2 Bxe2 12.Qxe2 f5 13.f4 Nf6 14.Nc4 Ng4 15.O-O Nd7
16.Nb5 Qb8 17.fxe5 dxe5 18.d6 Bd8 19.h3 Nxe3 20.Qxe3 a6 21.Nc3 Qc8 22.Qd3 Qc5+
23.Kh1 Rc8 24.Ne3 g6 25.Rad1 Rc6 26.Rf2 Bb6 27.Ncd5 Rxd6 28.Ne7+ Kf7 29.Qxd6 Qxd6
30.Rxd6 Bxe3 31.Rxd7 Bxf2 32.Rxb7 Ke6 33.Nc6 Rc8 34.Nb4 e4 35.c3 Rd8 36.g4 f4
37.Kg2 Rd2 38.Nxa6 f3+ 39.Kf1 e3 40.Nc5+ Kd5 41.c4+ Kxc5 42.b4+ Kd4  0-1

[Event "ch-GER Junior U18 2012"]
[Site "Oberhof GER"]
[Date "2012.05.29"]
[Round "5.3"]
[White "Klek,H"]
[Black "Becker,Mat2"]
[Result "1-0"]
[WhiteElo "2220"]
[BlackElo "2007"]

1.e4 d6 2.d4 Nf6 3.Nc3 e5 4.Nf3 Nbd7 5.Bc4 Be7 6.O-O O-O 7.Re1 a6 8.a4 b6
9.b3 Bb7 10.d5 Ne8 11.Ne2 g6 12.Nd2 f5 13.exf5 gxf5 14.f4 Kh8 15.Nf3 Bf6
16.Bb2 Ng7 17.Qd2 Re8 18.Ng3 e4 19.Nd4 b5 20.axb5 axb5 21.Rxa8 Bxa8 22.Bxb5 Bxd5
23.Bxd7 Qxd7 24.Ndxf5 Bxb2 25.Qxd5 Nxf5 26.Qxf5 Qxf5 27.Nxf5 d5 28.g3 Kg8
29.Kf1 Kf7 30.Ke2 Kf6 31.Ne3 d4 32.Nd5+ Kf7 33.Rb1 Ba3 34.Ra1 c6 35.Nb6 Bc5
36.Nc4 Ke6 37.Ra5 Kd5 38.Ne5 Rb8 39.Rxc5+  1-0

[Event "1st Euro 2012 Open"]
[Site "Lviv UKR"]
[Date "2012.05.30"]
[Round "4"]
[White "Shkuran,D"]
[Black "Kalinina,O"]
[Result "1-0"]
[WhiteElo "2350"]
[BlackElo "2297"]

1.e4 d6 2.d4 Nf6 3.Nc3 e5 4.Nf3 Nbd7 5.Be2 Be7 6.O-O O-O 7.Re1 a6 8.a4 b6
9.Bg5 Bb7 10.Bf1 Re8 11.Qd2 h6 12.Bxf6 Bxf6 13.d5 Bg5 14.Nxg5 hxg5 15.a5 g6
16.b4 b5 17.Nd1 f5 18.c4 bxc4 19.Bxc4 Kg7 20.Bd3 Nf6 21.f3 f4 22.Qe2 Qd7
23.Nf2 Reb8 24.Rec1 c6 25.dxc6 Bxc6 26.Bxa6 Rxa6 27.Qxa6 Bb5 28.Qb6 Rxb6
29.axb6 Qd8 30.Rc7+ Bd7 31.Raa7 Kh8 32.h3  1-0

[Event "Buenos Aires Masters"]
[Site "Buenos Aires ARG"]
[Date "2012.05.31"]
[Round "5.3"]
[White "Shirov,A"]
[Black "Felgaer,R"]
[Result "1-0"]
[WhiteElo "2698"]
[BlackElo "2572"]

1.e4 d6 2.d4 Nf6 3.Nc3 e5 4.Nf3 Nbd7 5.Bc4 Be7 6.O-O c6 7.a4 O-O 8.Re1 b6
9.Ba2 a6 10.Nh4 exd4 11.Qxd4 Nc5 12.Nf3 Ng4 13.h3 Bf6 14.Qd1 Bxc3 15.bxc3 Ne5
16.a5 Nxf3+ 17.Qxf3 Be6 18.axb6 Bxa2 19.Rxa2 Qxb6 20.Bf4 Rfe8 21.Raa1 Re6
22.e5 dxe5 23.Rxe5 Rxe5 24.Bxe5 Ne6 25.Rd1 Rd8 26.Rxd8+ Nxd8 27.Qd3 Ne6 28.Qd7 Nf8
29.Qe8 c5 30.Bf4 f6 31.Be3 Qc7 32.Qa8 Kf7 33.Qxa6 Nd7 34.Qc4+ Kf8 35.Qe6 Qd8
36.Bf4 g5 37.Bd6+ Kg7 38.c4 h5 39.h4 gxh4 40.Kh2 Kg6 41.Kh3 Qc8 42.Kxh4 Qc6
43.f4 Kg7 44.Bf8+  1-0

[Event "Campeonato Individual Madrid 2012"]
[Site "Madrid ESP"]
[Date "2012.05.31"]
[Round "1.1"]
[White "Roa Alonso,S"]
[Black "Rodriguez de Castro,A"]
[Result "1-0"]
[WhiteElo "2423"]
[BlackElo "2173"]

1.e4 d6 2.d4 Nf6 3.Nc3 e5 4.Nge2 c6 5.a4 a5 6.g3 Be7 7.Bg2 Na6 8.O-O O-O
9.h3 Nb4 10.g4 exd4 11.Nxd4 d5 12.e5 Nd7 13.f4 Nb6 14.Nce2 Bd7 15.b3 c5 16.Nf3 d4
17.f5 N6d5 18.Ng3 Bc6 19.Bd2 Ra6 20.g5 Qc7 21.f6 gxf6 22.gxf6 Bxf6 23.Nh5 Bg7
24.Nxg7 Kxg7 25.Ng5 Be8 26.Nxh7 Rh8 27.Nf6 Nxf6 28.exf6+ Rxf6 29.Rxf6 Kxf6
30.Qg4 Nxc2 31.Bg5+  1-0

[Event "Albena Masters Open 2012"]
[Site "Albena BUL"]
[Date "2012.06.01"]
[Round "7.30"]
[White "Gaehwiler,G"]
[Black "Zalkind,K"]
[Result "1/2-1/2"]
[WhiteElo "2280"]
[BlackElo "2197"]

1.e4 d6 2.d4 Nf6 3.Nc3 e5 4.dxe5 dxe5 5.Qxd8+ Kxd8 6.Bc4 Be6 7.Bxe6 fxe6
8.Bg5 Nc6 9.O-O-O+ Bd6 10.Nf3 a6 11.Ne1 Ke7 12.f3 h6 13.Be3 g5 14.Nd3 Nh5
15.h4 Nf4 16.hxg5 hxg5 17.g3 Nxd3+ 18.cxd3 Kf6 19.Kd2 Kg6 20.Ne2 Raf8 21.Rxh8 Rxh8
22.Rf1 Rh2 23.Rf2 Rh1 24.f4 g4 25.fxe5 Nxe5 26.Nd4 c5 27.Nxe6 Nf3+ 28.Kc3 Bxg3
29.Rg2 Be1+ 30.Kc4 g3 31.Bf4 b5+ 32.Kd5 Rh2 33.Rxh2 gxh2 34.Bxh2 Nxh2 35.Nxc5 a5
36.Kc6 b4 37.Kb5 Nf3 38.Nb3 Kf6 39.Nxa5 Nd4+  1/2-1/2

[Event "Women's World Rapid Championship 2012"]
[Site "Batumi GEO"]
[Date "2012.06.01"]
[Round "6.9"]
[White "Muzychuk,M"]
[Black "Arakhamia-Grant,K"]
[Result "1-0"]
[WhiteElo "2456"]
[BlackElo "2426"]

1.e4 d6 2.d4 Nf6 3.Nc3 e5 4.Nf3 Nbd7 5.Bc4 Be7 6.O-O O-O 7.Re1 a6 8.a4 b6
9.b3 Bb7 10.Bb2 c6 11.d5 c5 12.Bd3 g6 13.Nd2 Nh5 14.Nc4 Ng7 15.Ne2 f5 16.f3 b5
17.axb5 axb5 18.Na3 Qb6 19.Bxb5 Rxa3 20.Bxd7 Rxa1 21.Bxa1 c4+ 22.Kh1 cxb3
23.cxb3 fxe4 24.fxe4 Ba6 25.Ng3 Bh4 26.Qg4 Rf4 27.Qh3 Qxb3 28.Be6+ Kh8 29.Bc8 Bb5
30.Bd7 h5 31.Bxb5 Qxb5 32.Qc8+ Kh7 33.Qc3 Bxg3 34.hxg3 Rf1+ 35.Kh2 Rxe1 36.Qxe1 Ne8
37.Bc3 Nf6 38.Bb4 Qb6 39.Ba3 Qd4 40.Bxd6 Nxe4 41.Qa5 Nf6 42.Qc7+ Kh6 43.Bf8+ Kg5
44.Qc1+ Kg4 45.Bh6 Kf5 46.Qg5+ Ke4 47.Qxf6 Qxd5 48.Qxg6+ Kd4 49.Qxh5  1-0

[Event "Bronshoj BSM IM 2012"]
[Site "Copenhagen DEN"]
[Date "2012.06.01"]
[Round "1.2"]
[White "Vesterli,M"]
[Black "Ninov,N"]
[Result "0-1"]
[WhiteElo "2030"]
[BlackElo "2471"]

1.d4 d6 2.e4 Nf6 3.Nc3 c6 4.f4 Qa5 5.Bd2 e5 6.Nf3 exd4 7.Nxd4 Qb6 8.Nb3 g6
9.Qf3 Bg7 10.Bc4 O-O 11.h3 d5 12.exd5 cxd5 13.Be2 Nc6 14.O-O-O d4 15.Na4 Qc7
16.Be1 Be6 17.Kb1 Bd5 18.Qf1 Bxb3 19.axb3 Nd5 20.Bd2 a6 21.Qf3 Rad8 22.Bd3 Ncb4
23.c4 dxc3 24.bxc3 Nxd3  0-1

[Event "XXVII Felix Cup 2012"]
[Site "Baile Felix ROU"]
[Date "2012.06.02"]
[Round "2.8"]
[White "Lengyel,La2"]
[Black "Levay,S"]
[Result "0-1"]
[WhiteElo "1915"]
[BlackElo "2175"]

1.d4 d6 2.e4 Nf6 3.Nc3 e5 4.dxe5 dxe5 5.Qxd8+ Kxd8 6.Bg5 Be6 7.O-O-O+ Nd7
8.f4 exf4 9.Nge2 Kc8 10.Nxf4 Bg4 11.Be2 h6 12.Bxf6 Nxf6 13.Bf3 Bd6 14.Nfd5 Bxf3
15.gxf3 Nxd5 16.Rxd5 Rd8 17.e5 Be7 18.f4 Rxd5 19.Nxd5 Bc5 20.Kd2 Kd7 21.Ke2 c6
22.Ne3 Ke6 23.Rd1 g5 24.fxg5 hxg5 25.Ng4 Rh8 26.Kf3 a5 27.c4 a4 28.Kg3 Rb8
29.Nf6 Be7 30.Nd7 Rh8 31.Nb6 a3 32.bxa3 Rd8 33.Rb1 Rd3+ 34.Kg4 Rd4+ 35.Kf3 Bxa3
36.Rb3 Be7 37.Nc8 Bc5 38.Rxb7 Rxc4 39.Nd6 Rf4+ 40.Kg3 Bxd6 41.exd6 Kxd6 42.h4 Rxh4
43.Rxf7 Ra4 44.Rf5 Rxa2 45.Rxg5 Re2 46.Kf3 Re8 47.Rg4 Kd5 48.Rg5+ Kc4 49.Rg4+ Kd3
50.Rg5 Rf8+ 51.Kg3 Kd4 52.Rg4+ Kd5 53.Rg5+ Kc4 54.Rg4+ Kb5 55.Rg7 c5 56.Rb7+ Kc4
57.Rb1 Kd3 58.Rd1+ Kc2 59.Rd5 c4 60.Rc5 c3 61.Rc7 Kd2 62.Rd7+ Kc1 63.Rc7 c2
64.Rc6 Rb8  0-1

[Event "TCh-FRA Top 12 2012"]
[Site "Belfort FRA"]
[Date "2012.06.02"]
[Round "3.5"]
[White "Sanchez,Joseph"]
[Black "Marcelin,C"]
[Result "1-0"]
[WhiteElo "2531"]
[BlackElo "2477"]

1.e4 d6 2.d4 Nf6 3.Nc3 e5 4.Nf3 Nbd7 5.Rg1 c6 6.g4 g6 7.g5 Nh5 8.Be3 Qc7
9.Qd2 a6 10.O-O-O b5 11.Kb1 Be7 12.Ne2 O-O 13.Ng3 Ng7 14.h4 Re8 15.h5 Bf8
16.Be2 exd4 17.Nxd4 c5 18.Ndf5 gxf5 19.h6 Ne6 20.exf5 Nd4 21.Bxd4 cxd4 22.Nh5 Bb7
23.g6 fxg6 24.fxg6 Be4 25.Bd3 Qc5 26.gxh7+ Kxh7 27.Ng7 Nf6 28.f3 Bxd3 29.Qxd3+ Kh8
30.Qg6 Re2 31.Nh5 Qxc2+ 32.Qxc2 Rxc2 33.Nxf6 Be7 34.Kxc2 Bxf6 35.h7 Bg7 36.Rde1 Rc8+
37.Kd3 Rf8 38.f4 Rf7 39.Re6 Kxh7 40.Rxd6  1-0

[Event "Bronshoj GM 2012"]
[Site "Copenhagen DEN"]
[Date "2012.06.02"]
[Round "2.5"]
[White "Shahade,G"]
[Black "Danielsen,Hen"]
[Result "1/2-1/2"]
[WhiteElo "2471"]
[BlackElo "2498"]

1.e4 d6 2.d4 Nf6 3.Nc3 e5 4.Nf3 Nbd7 5.Bc4 Be7 6.O-O O-O 7.Re1 c6 8.a4 a5
9.h3 Nb6 10.Bf1 exd4 11.Nxd4 d5 12.e5 Ne8 13.Bd3 g6 14.Bh6 Ng7 15.Qd2 Re8
16.Kh1 Nd7 17.Rad1 Nc5 18.Bf1 f6 19.exf6 Bxf6 20.Rxe8+ Qxe8 21.Re1 Qd8 22.Be3 Qf8
23.Kg1 Bd7 24.g3 Re8 25.Bg2 Nge6 26.Nce2 Nxd4 27.Bxd4 b6 28.b3 Bf5 29.g4 Bc8
30.Bxf6 Qxf6 31.Ng3 Rxe1+ 32.Qxe1 Ne6 33.b4 Qd8 34.bxa5 bxa5 35.Qc3 Qc7 36.Ne2 Ba6
37.Qe3 Qd6 38.Nd4 Nxd4 39.Qxd4 Bc4 40.h4 Qb4 41.h5 gxh5 42.gxh5 Qe1+ 43.Kh2 Qe7
44.Qg4+ Kf7 45.Bf3 Qe5+ 46.Kg2 Qg7 47.Kg3 h6 48.Qxg7+ Kxg7 49.Kf4 Kf6 50.Bg4 c5
51.c3 Bb3 52.Bd7 Bd1 53.Be8 Ke7 54.Bc6 Kd6 55.Be8 d4 56.cxd4 cxd4 57.Ke4 Kc5
58.Kd3 Bf3 59.Bf7 Bg4 60.f4 Bd7 61.Bb3 Bf5+ 62.Kd2 Be4 63.Bc2 Kd5 64.Bb3+ Kd6
65.Bc2 Bf3 66.Bg6 Bc6 67.Kd3 Kc5 68.f5 Bxa4 69.f6 Kd6 70.Kxd4 Ke6 71.f7 Ke7
72.Kc5 Bd7 73.Kc4 Kf8 74.Kc5 Ke7 75.Kc4 Ba4 76.Kc5 Bb3 77.Kb5 Bxf7 78.Bxf7 Kxf7
79.Kxa5 Kf6 80.Kb4 Kg5 81.Kc3 Kxh5 82.Kd3 Kg4 83.Ke2 Kg3 84.Kf1 h5 85.Kg1 h4
86.Kh1 h3 87.Kg1 h2+ 88.Kh1 Kh3  1/2-1/2

[Event "Asian Junior Girls 2012"]
[Site "Tashkent UZB"]
[Date "2012.06.02"]
[Round "4.4"]
[White "Saranya,J"]
[Black "Nasriddinzoda,M"]
[Result "0-1"]
[WhiteElo "2091"]
[BlackElo "2033"]

1.e4 d6 2.d4 Nf6 3.Nc3 e5 4.Nf3 Nbd7 5.Bc4 Be7 6.Bg5 O-O 7.Qd2 c6 8.a4 Qc7
9.O-O Re8 10.Nh4 Nf8 11.f4 exd4 12.Qxd4 h6 13.a5 d5 14.Ba2 hxg5 15.fxg5 Ng4
16.g3 Bxg5 17.Ng2 Ne6 18.Qd1 Be3+  0-1

[Event "Asian Junior Open 2012"]
[Site "Tashkent UZB"]
[Date "2012.06.02"]
[Round "4.14"]
[White "Khudoykulov,Nuriddin"]
[Black "Sapaev,M"]
[Result "0-1"]
[WhiteElo "2023"]
[BlackElo "2147"]

1.e4 d6 2.d4 Nf6 3.Nc3 e5 4.Nf3 Nbd7 5.Bc4 Be7 6.dxe5 Nxe5 7.Nxe5 dxe5 8.Qxd8+ Bxd8
9.O-O c6 10.a4 Ba5 11.Bd2 Be6 12.Bxe6 fxe6 13.Rad1 O-O-O 14.Be1 Rxd1 15.Nxd1 Bxe1
16.Rxe1 Rd8 17.Nc3 Rd2 18.Rc1 Rd4 19.Re1 b5 20.axb5 cxb5 21.f3 b4 22.Nb1 g5
23.Kf2 g4 24.Ke3 gxf3 25.gxf3 Nh5 26.Nd2 Kd8 27.Ra1 Nf4 28.Rxa7 Ng2+ 29.Ke2 Nf4+
30.Kd1 h5 31.Rg7 Rd6 32.Rb7 Rd4 33.Rb5 Ng6 34.Ke1 Nh4 35.b3 Ke7 36.Rc5 Rd8
37.Rc4 Rb8 38.c3 bxc3 39.Rxc3 Rg8 40.Nf1 Rg2 41.Ng3 Rxh2 42.Nxh5 Rg2 43.f4 exf4
44.Nxf4 Rg4 45.Nd3 Rxe4+ 46.Kf2 Nf5 47.Nc1 Kd6 48.Ne2 Rh4 49.Rd3+ Kc5 50.Rc3+ Kb4
51.Rd3 Rh2+ 52.Ke1 Rh1+ 53.Kd2 Rh2 54.Ke1 Kc5 55.Rc3+ Kd5 56.Rd3+ Ke4 57.Rc3 e5
58.Ng3+ Nxg3 59.Rxg3 Kd4 60.Rg8 Rb2 61.Rb8 Kd3 62.b4 e4 63.b5 Rb1+ 64.Kf2 e3+
65.Kf3 Rf1+ 66.Kg2 e2 67.Rd8+ Kc4 68.Rc8+ Kxb5 69.Rb8+ Kc6  0-1

[Event "XXVII Felix Cup 2012"]
[Site "Baile Felix ROU"]
[Date "2012.06.03"]
[Round "4.5"]
[White "Szurovszky,E"]
[Black "Cordea,D"]
[Result "0-1"]
[WhiteElo "2133"]
[BlackElo "1989"]

1.e4 d6 2.d4 Nf6 3.Nc3 Nbd7 4.Bc4 e5 5.Nf3 Be7 6.Ng5 O-O 7.Bxf7+ Rxf7 8.Ne6 Qe8
9.Nxc7 Qd8 10.Nxa8 b6 11.dxe5 dxe5 12.Nd5 Nxe4 13.Qe2 Ndc5 14.Nxe7+ Qxe7
15.Be3 Ba6 16.c4 Rxf2 17.Bxf2 Nd3+ 18.Kf1 Ndxf2 19.b3 Bb7 20.Rg1 Bxa8 21.Qe3 Ng4
22.Qe2 Nxh2+ 23.Ke1 Qb4+ 24.Kd1 Nc3+ 25.Kd2 Nxe2+ 26.Kxe2 Qc3 27.Rad1 Qc2+  0-1

[Event "Women's World Rapid Championship 2012"]
[Site "Batumi GEO"]
[Date "2012.06.03"]
[Round "10.9"]
[White "Paehtz,E"]
[Black "Zhu Chen"]
[Result "1/2-1/2"]
[WhiteElo "2491"]
[BlackElo "2491"]

1.e4 d6 2.d4 Nf6 3.Nc3 e5 4.Nge2 Nbd7 5.g3 c6 6.Bg2 b5 7.a3 Be7 8.O-O O-O
9.h3 a5 10.g4 Ba6 11.Ng3 exd4 12.Qxd4 b4 13.Nce2 d5 14.axb4 axb4 15.e5 Bc5
16.Qf4 Bxe2 17.Rxa8 Qxa8 18.exf6 Bxf1 19.fxg7 Bxg2 20.gxf8=Q+ Nxf8 21.Kxg2 Ng6
22.Qh6 Qe8 23.Bd2 Qe5 24.h4 Bf8 25.Qg5 f6 26.Qxe5 Nxe5 27.f3 Kf7 28.b3 c5
29.Nf5 c4 30.Be3 Nc6 31.Bb6 Ne5 32.Nd4 Bd6 33.Kf2 Nd7 34.Ba7 Bf4 35.Ke2 Bg3
36.h5 Bf4 37.Nc6 Bd6 38.Bd4 Ne5 39.Nd8+ Ke8 40.Nb7 Kd7 41.Nxd6 Kxd6 42.Ke3 cxb3
43.cxb3 Ke6 44.Bc5 Nc6 45.f4 Na5 46.Bxb4 Nxb3 47.Kd3 Nc1+ 48.Kd2 Nb3+ 49.Ke3 d4+
50.Ke4 f5+ 51.gxf5+ Kf6 52.h6 Nc1 53.Bd6 Ne2 54.Be5+ Kf7 55.Bxd4 Ng3+ 56.Ke5 Nh5
57.Bb6 Nf6 58.Bd8 Ng4+ 59.Ke4 Nxh6 60.Bg5 Ng4 61.Bh4 h5 62.f6  1/2-1/2

[Event "Women's World Rapid Championship 2012"]
[Site "Batumi GEO"]
[Date "2012.06.03"]
[Round "11.24"]
[White "Umudova,N"]
[Black "Klinova,M"]
[Result "1-0"]
[WhiteElo "2231"]
[BlackElo "2318"]

1.e4 d6 2.d4 Nf6 3.Nc3 e5 4.Nf3 Nbd7 5.Bc4 Be7 6.O-O O-O 7.Re1 c6 8.a4 b6
9.b3 a6 10.Bf1 Rb8 11.Ba3 Re8 12.Qd2 b5 13.axb5 axb5 14.Bb4 Bb7 15.d5 Nc5
16.Rad1 Qb6 17.Qe3 cxd5 18.exd5 Ng4 19.Bxc5 dxc5 20.Qd2 b4 21.Na4 Qf6 22.h3 Nh6
23.Nxe5 Bd6 24.Nd7 Qh4 25.Nxb8 Rxb8 26.Nb6 Ng4 27.Nc4 Bh2+ 28.Kh1 Bf4 29.Qe2 Nf6
30.Qf3 Qg5 31.Ne3 h5 32.Bc4 Rd8 33.Rd3 h4 34.Red1 Bc8 35.d6 Bf5 36.Nxf5 Qxf5
37.Kg1 Qg5 38.d7 Be5 39.Re3 Kf8 40.Rde1 Qf4 41.Rxe5 Qxf3 42.gxf3 Rxd7 43.Rxc5 g6
44.Rb5 Rd2 45.Rb7  1-0

[Event "Bronshoj GM 2012"]
[Site "Copenhagen DEN"]
[Date "2012.06.03"]
[Round "5.2"]
[White "Andersen,Mad"]
[Black "Danielsen,Hen"]
[Result "1/2-1/2"]
[WhiteElo "2431"]
[BlackElo "2498"]

1.e4 d6 2.d4 Nf6 3.Nc3 e5 4.dxe5 dxe5 5.Qxd8+ Kxd8 6.Bg5 Be6 7.O-O-O+ Nd7
8.f4 exf4 9.Nf3 Kc8 10.Bxf4 Bb4 11.Nb5 Ba5 12.Ng5 Re8 13.Nxe6 fxe6 14.Bd3 e5
15.Bg5 h6 16.Bxf6 Nxf6 17.Na3 Bb4 18.Nc4 b5 19.Ne3 c6 20.Nf5 Bf8 21.Rhf1 h5
22.Be2 Kc7 23.Ng3 h4 24.Nf5 Rad8 25.Bd3 h3 26.gxh3 Rd7 27.c3 Red8 28.Kc2 a5
29.h4 Kb6 30.h3 Nh5 31.Be2 Nf4 32.Bg4 Rxd1 33.Rxd1 Rxd1 34.Kxd1  1/2-1/2

[Event "TCh-SUI National A 2012"]
[Site "Switzerland SUI"]
[Date "2012.06.03"]
[Round "4.2"]
[White "Gallagher,Jo"]
[Black "Kurmann,O"]
[Result "1/2-1/2"]
[WhiteElo "2502"]
[BlackElo "2458"]

1.e4 d6 2.d4 Nf6 3.Nc3 e5 4.Nf3 Nbd7 5.Bc4 Be7 6.O-O O-O 7.Re1 a6 8.a4 b6
9.Nd5 Bb7 10.Nxe7+ Qxe7 11.d5 c6 12.dxc6 Bxc6 13.Bg5 h6 14.Bxf6 Nxf6 15.Qd3 Rfd8
16.Nd2 Qb7 17.f3 b5 18.axb5 axb5 19.Rxa8 Rxa8 20.Bb3 Qb6+ 21.Qe3 Qc7 22.Nf1 Rd8
23.Qc3 Qb6+ 24.Qe3 Qc7 25.Qc3 Qb6+ 26.Qe3  1/2-1/2

[Event "Server24Chess 2012"]
[Site "Val Gardena ITA"]
[Date "2012.06.03"]
[Round "2"]
[White "Antoniewski,R"]
[Black "Borgo,G"]
[Result "1/2-1/2"]
[WhiteElo "2536"]
[BlackElo "2395"]

1.e4 d6 2.d4 Nf6 3.Nc3 Nbd7 4.Nf3 e5 5.Bc4 Be7 6.O-O Nb6 7.Be2 Nfd7 8.a4 a5
9.Re1 O-O 10.Be3 c6 11.h3 Qc7 12.Qd2 Rd8 13.Red1 Nf8 14.Qe1 Ng6 15.Bf1 h6
16.Rd2 Re8 17.Qd1 Bf8 18.Nh2 Nd7 19.Ng4 exd4 20.Bxd4 Nc5 21.Bxc5 dxc5 22.Ne3 Be7
23.Nf5 Bg5 24.Re2 Rd8 25.Qb1 Bd2 26.g3 b6 27.f4 Bxc3 28.bxc3 Bxf5 29.exf5 Ne7
30.Qe1 Nxf5 31.Bg2 Nd6 32.Re7 Rd7 33.Re5 Kf8 34.Qe2 Re8 35.Re1 Rde7 36.Qd3 c4
37.Qf3 c5 38.Qd5 f6 39.Rxe7 Rxe7 40.Rd1 Rd7 41.Re1 Rd8 42.Re6 b5 43.axb5 Nxb5
44.Qxc4 Nd6 45.Qd5 a4 46.Kh2 a3 47.Qb3 Qa7 48.Re1 c4 49.Qb4 a2 50.Ra1 g5
51.fxg5 hxg5 52.Qb2 Nf5 53.Rxa2 Qc7 54.Ra1 Qxg3+ 55.Kh1 Ne3 56.Qb4+ Kg8 57.Bf1 Qf3+
58.Kg1 Qg3+ 59.Kh1 Qf3+ 60.Kg1 Qf4 61.Qe7 Qg3+ 62.Kh1 Qf3+ 63.Kg1 Rf8 64.Re1 Qg3+
65.Kh1 Qf3+ 66.Kg1 Qg3+ 67.Kh1 Nxf1 68.Qe6+ Kg7 69.Rxf1 Qxc3 70.Rf2 Rf7 71.Kg2 Qd4
72.Re2 c3 73.Re4 Qd1 74.Re2 Rd7 75.Kg3 Qg1+ 76.Kf3 Qf1+ 77.Rf2 Qd1+ 78.Kg3 Qg1+
79.Kf3 Qd1+ 80.Kg3 Qd6+ 81.Qxd6 Rxd6 82.Rf3 Rc6 83.h4 Kg6 84.hxg5 Kxg5 85.Kf2 f5
86.Rg3+ Kf4 87.Rf3+ Ke5 88.Rd3 Rc4 89.Kf3 Rh4 90.Kg3 Rg4+ 91.Kf3 Rc4 92.Rd8 Rh4
93.Kg3 Rg4+ 94.Kf3 Rf4+ 95.Kg3 Rg4+ 96.Kf3 Rg1 97.Rd3 f4 98.Kf2 Rh1 99.Rxc3 Rh2+
100.Kf1 Ke4 101.Rb3 Rxc2 102.Ra3 Rb2  1/2-1/2

[Event "TCh-FRA Top 12 2012"]
[Site "Belfort FRA"]
[Date "2012.06.04"]
[Round "5.5"]
[White "Abergel,T"]
[Black "Marcelin,C"]
[Result "1/2-1/2"]
[WhiteElo "2451"]
[BlackElo "2477"]

1.e4 d6 2.d4 Nf6 3.Nc3 e5 4.Nf3 Nbd7 5.Bc4 Be7 6.O-O O-O 7.Re1 c6 8.a4 a5
9.h3 Nb6 10.Bb3 Nfd7 11.Be3 exd4 12.Bxd4 Nc5 13.Bxc5 dxc5 14.Qe2 Qd6 15.Qe3 Qc7
16.Nd2 Qe5 17.Rad1 Bg5 18.Qe2 Bxd2 19.Rxd2 Be6 20.Bxe6 Qxe6 21.b3 Rad8 22.Red1 Qe7
23.Qe3 Rxd2 24.Rxd2 f6 25.Ne2 f5 26.c4 Qxe4 27.Qxe4 fxe4 28.Ng3 Re8 29.Re2 Nc8
30.f3 Nd6 31.fxe4 b5 32.e5 Nf7 33.cxb5 cxb5 34.axb5 Rxe5 35.Ne4 Nd6 36.b6 Nb7
37.Kf2 Re6 38.Ng5 Rf6+ 39.Ke1 h6 40.Re7 hxg5 41.Rxb7 Rd6 42.Rb8+ Kh7 43.Ke2 Kg6
44.g4 Kh7 45.b7 Rb6 46.Kd3 Rxb3+ 47.Kc4 a4 48.Kxc5 a3 49.Kc6  1/2-1/2

[Event "TCh-FRA Top 12 2012"]
[Site "Belfort FRA"]
[Date "2012.06.04"]
[Round "5.7"]
[White "Pucher,S"]
[Black "Pelletier,Y"]
[Result "0-1"]
[WhiteElo "2222"]
[BlackElo "2587"]

1.e4 d6 2.d4 Nf6 3.Nc3 e5 4.Nf3 Nbd7 5.Bc4 Be7 6.O-O O-O 7.Re1 a6 8.a4 b6
9.b3 Bb7 10.d5 Kh8 11.h3 Ng8 12.Na2 a5 13.b4 g6 14.Bb5 f5 15.Bc6 Bxc6 16.dxc6 Ndf6
17.exf5 gxf5 18.b5 Qe8 19.c4 Qf7 20.Qe2 Ne4 21.Nd2 Nc5 22.Nc3 Bf6 23.Nd5 Ne6
24.Bb2 Rae8 25.g3 Bg7 26.Kh2 Ne7 27.Nxe7 Rxe7 28.Ra3 Qg6 29.f4 e4 30.Nb3 Rg8
31.Na1 Nc5 32.Re3 Bxb2 33.Qxb2+ Reg7 34.Qc2 Nd3 35.Rf1 Qf6 36.Nb3 h5 37.h4 Rg4
38.Nc1 Qg6 39.Ne2 Rxh4+ 40.Kg2 Rg4 41.Rxd3 exd3 42.Qxd3 h4 43.Rf3 Qf6 44.Qe3 hxg3
45.Nxg3 Qh4 46.Qd4+ Kh7 47.Qe3 R8g6 48.Qf2 Re6 49.Re3 Rxf4 50.Qxf4 Qxf4 51.Rxe6 Qg4
52.Re7+ Kg6 53.Re8 Kf7 54.Re3 f4  0-1

[Event "Bronshoj BSM IM 2012"]
[Site "Copenhagen DEN"]
[Date "2012.06.04"]
[Round "6.2"]
[White "Ninov,N"]
[Black "Semcesen,D"]
[Result "1/2-1/2"]
[WhiteElo "2471"]
[BlackElo "2461"]

1.e4 d6 2.d4 Nf6 3.Nc3 e5 4.dxe5 dxe5 5.Qxd8+ Kxd8 6.Bc4 Ke8 7.Nf3 Bd6 8.Be3 Nbd7
9.O-O-O a6 10.a4 h6 11.h3 Nf8 12.Nd2 Bd7 13.Nb3 Ne6 14.f3 Rd8 15.Na5 Rb8
16.Ba7 Ra8 17.Be3 Rb8 18.Ba7 Ra8 19.Be3 Rb8  1/2-1/2

[Event "Bronshoj GM 2012"]
[Site "Copenhagen DEN"]
[Date "2012.06.04"]
[Round "7.3"]
[White "Hector,J"]
[Black "Danielsen,Hen"]
[Result "1/2-1/2"]
[WhiteElo "2560"]
[BlackElo "2498"]

1.e4 d6 2.d4 Nf6 3.Nc3 e5 4.f4 exd4 5.Qxd4 Nc6 6.Bb5 Bd7 7.Qd2 g6 8.Nf3 Bg7
9.O-O O-O 10.a3 Re8 11.Bd3 a6 12.b3 Nh5 13.Bb2 Nd4 14.Bc4 c5 15.Ng5 Be6 16.Nxe6 fxe6
17.a4 Qh4 18.Rf2 Kh8 19.Bf1 Rf8 20.g3 Qg4 21.Bg2 g5 22.f5 exf5 23.exf5 Rxf5
24.Rxf5 Nxf5 25.Ne4 Bd4+ 26.Bxd4+ Nxd4 27.Rf1 Re8 28.h3 Qe6 29.Qxg5 Nxg3
30.Nxg3 Rg8 31.Qf6+ Qxf6 32.Rxf6 Rxg3 33.Rxd6 Nxc2 34.Rd8+ Kg7 35.Rd7+ Kf6
36.Kh2 Rxb3 37.Bxb7 Nb4 38.Rc7 Rc3 39.Rxh7 c4 40.Rc7 Rc1 41.h4 c3 42.h5 Kg5
43.Rc5+ Kh6 44.Be4 Re1 45.Bg6 c2 46.Bxc2 Re2+ 47.Kg3 Rxc2 48.Ra5 Rc4 49.Re5 Nc6
50.Rd5 a5 51.Kf3 Kh7 52.Ke3 Rxa4 53.Rc5 Nb4 54.Rb5 Nc2+ 55.Kd3 Nd4 56.Rd5 Ne6
57.Kc3 Nf4 58.Rb5 Ne6 59.Kb3  1/2-1/2

[Event "Bronshoj GM 2012"]
[Site "Copenhagen DEN"]
[Date "2012.06.05"]
[Round "9.4"]
[White "Mikkelsen,N"]
[Black "Danielsen,Hen"]
[Result "1/2-1/2"]
[WhiteElo "2399"]
[BlackElo "2498"]

1.e4 d6 2.d4 Nf6 3.Nc3 e5 4.Nf3 Nbd7 5.Bc4 Be7 6.O-O O-O 7.a4 c6 8.Re1 Qc7
9.Ba2 h6 10.h3 Re8 11.Be3 b6 12.Nh4 Nf8 13.Qf3 Be6 14.Bxe6 Nxe6 15.dxe5 dxe5
16.Nf5 Kh7 17.Rad1 Ng8 18.Rd3 Bf8 19.Red1 Rad8 20.Ne2 Rxd3 21.Rxd3 Rd8 22.Nc1 Rxd3
23.Nxd3 g6 24.Ng3 Kg7 25.Nf1 a6 26.Qd1 Nf6 27.Nd2 b5 28.Qa1 Nd7 29.b3 Kh7
30.axb5 axb5 31.Qa8 h5  1/2-1/2